00808pam a2200253 i 45000010008000000030009000080050017000170080041000340100017000750200015000920400028001070500018001350820015001531000033001682450079002012600091002803000034003714400045004055000020004505040030004706500022005006500015005226500017005373683312BDDh-ASL20231015030142.0781103s1979 mdua bs 001 0 eng  a 78026070  a0801821401 aDLCcDLCdDLCdBDDh-ASL00aHB903.F4bC5800a370.1bCOF1 aCochrane, Susan Hill,d1943-10aFertility and education :bwhat do we really know? /cSusan Hill Cochrane. aBaltimore :bPublished for the World Bank [by] Johns Hopkins University Press,cc1979. axii, 175 p. :bill. ;c23 cm. 0aWorld Bank staff occasional papers ;v26 aIncludes index. aBibliography: p. 153-172. 0aFertility, Human. 0aEducation. 0aFamily size.